| 000 | 004600000a22001930004500 | ||
|---|---|---|---|
| 003 | LK-CoMWRAF | ||
| 005 | 20230825110914.0 | ||
| 008 | 230817t2004 ||||| |||| 00| 0 eng d | ||
| 020 | _a1840134577 | ||
| 040 |
_aLK-CoMWRAF _dLK-CoMWRAF _eLK-CoMWRAF |
||
| 041 | _aeng | ||
| 082 |
_a823 _bKAH |
||
| 100 | _aGibran, Kahlil | ||
| 245 | _aThe Awakened Soul | ||
| 260 |
_bAxiom _aUnited Kingdom _c2004 |
||
| 300 | _a126p | ||
| 650 | _aEnglish Fiction | ||
| 942 | _cBK | ||
| 999 |
_c841 _d841 |
||